FAO fisheries technical paper N.350.1 Guidelines on the precautionary approach to capture fisheries and species introductions,Precautionary approach to fisheries; Part 1
Document proposes a definition of the precautionary approach to fisheries as well as an elaboration on the burden of proof. It also contains detailed guidelines on how to conduct fishery management and research and how to develop and tranfer fishery technology in a context of uncertainty and respons...
Na minha lista:
| Autor principal: | |
|---|---|
| Formato: | Livro |
| Idioma: | Undetermined |
| Publicado em: |
Rome
FAO
1995
|
| Assuntos: | |
| Tags: |
Adicionar Tag
Sem tags, seja o primeiro a adicionar uma tag!
|
| Thư viện lưu trữ: | Trung tâm Học liệu Trường Đại học Cần Thơ |
|---|
| LEADER | 01300nam a2200205Ia 4500 | ||
|---|---|---|---|
| 001 | CTU_16665 | ||
| 008 | 210402s9999 xx 000 0 und d | ||
| 082 | |a 639 | ||
| 082 | |b F533/N350.1 | ||
| 100 | |a FAO | ||
| 245 | 0 | |a FAO fisheries technical paper N.350.1 | |
| 245 | 0 | |b Guidelines on the precautionary approach to capture fisheries and species introductions,Precautionary approach to fisheries; Part 1 | |
| 245 | 0 | |c FAO | |
| 260 | |a Rome | ||
| 260 | |b FAO | ||
| 260 | |c 1995 | ||
| 520 | |a Document proposes a definition of the precautionary approach to fisheries as well as an elaboration on the burden of proof. It also contains detailed guidelines on how to conduct fishery management and research and how to develop and tranfer fishery technology in a context of uncertainty and responsible fisheries. Guidelines are also provided on species introduction, voluntary or accidental ( including through ballast water and sediment discharge ), recognizing the difficulty of ensuring a precautionary approach in relation to that issue. The guidelines are aimed at the governments, fisheries authorities, fishery industry, regional fishery management bodies. | ||
| 650 | |a fisheries | ||
| 904 | |i Nguyễn Quang Điền, 970530 | ||
| 980 | |a Trung tâm Học liệu Trường Đại học Cần Thơ | ||